| 000 | 00472 a2200157 4500 | ||
|---|---|---|---|
| 999 |
_c7826 _d7826 |
||
| 020 | _a9780198709503 | ||
| 050 | _aKD1624BLA2014 | ||
| 100 |
_aRose , Francis _eeditor |
||
| 245 |
_aBlackstone's statutes on commercial & consumer law : 2014-2015 / _cedited by Francis Rose |
||
| 250 | _a23rd ed | ||
| 264 |
_aOxford: _bOxford University press, _c2014 |
||
| 300 | _a676p. : | ||
| 500 | _aincludes index | ||
| 650 | _a Commercial law -- Wales | ||
| 942 |
_2lcc _cBK _h1624 _iBLA _kKD |
||